| 000 | 01084cam a22003134a 4500 | ||
|---|---|---|---|
| 999 |
_c251709 _d251709 |
||
| 001 | 13119064 | ||
| 003 | OSt | ||
| 005 | 20240522100213.0 | ||
| 008 | 030311s2004 caua 001 0 eng | ||
| 010 | _a 2003046101 | ||
| 020 | _a0805376135 | ||
| 040 |
_aDLC _cDLC _dDLC |
||
| 042 | _apcc | ||
| 050 | 0 | 0 |
_aQR41.2 _b.T67 2004 |
| 082 | 0 | 0 |
_a579 _221 |
| 100 | 1 | _aTortora, Gerard J. | |
| 245 | 1 | 0 |
_aMicrobiology : _ban introduction / _cGerard J. Tortora, Berdell R. Funke, Christine L. Case. |
| 250 | _a8th ed. | ||
| 260 |
_aSan Francisco, CA : _bBenjamin Cummings, _cc2004. |
||
| 300 |
_axxiii, 898 p. : _bill. (some col.) ; _c28 cm. + _e1 CD-ROM (4 3/4 in.) |
||
| 500 | _aIncludes index. | ||
| 650 | 0 | _aMicrobiology. | |
| 700 | 1 | _aFunke, Berdell R. | |
| 700 | 1 |
_aCase, Christine L., _d1948- |
|
| 856 | 4 | 1 |
_3Table of contents _uhttp://www.loc.gov/catdir/toc/fy037/2003046101.html |
| 906 |
_a7 _bcbc _corignew _d1 _eocip _f20 _gy-gencatlg |
||
| 942 |
_2lcc _cBK |
||